| 000 | 01015nam a2200397 a 4500 | ||
|---|---|---|---|
| 003 | AR-BaBNM | ||
| 005 | 20251128210409.0 | ||
| 008 | 082120s2002 ||||||||||||||000 | spa|| | ||
| 020 | _a950-9413-64-X | ||
| 040 | _cAR-BaBNM | ||
| 100 | 1 | _aCarámbula, Rubén | |
| 245 | 0 | 0 | _aEl candombe |
| 260 |
_aBuenos Aires _bEdiciones del Sol _c1995 |
||
| 300 |
_a185 p. _bil. |
||
| 490 | 0 |
_aBiblioteca de cultura popular _vv. 21 |
|
| 650 | 4 | _aFOLKLORE | |
| 650 | 4 | _aMUSICA FOLKLORICA | |
| 650 | 4 | _aCANCIONES FOLKLORICAS | |
| 650 | 4 | _aARTE POPULAR | |
| 650 | 4 | _aETNOLOGIA | |
| 650 | 4 | _aCOSTUMBRES Y TRADICIONES | |
| 650 | 4 | _aCULTURAS POPULARES | |
| 650 | 4 | _aESTUDIOS CULTURALES | |
| 650 | 4 | _aTRADICION ORAL | |
| 650 | 4 | _aMUSICA POPULAR | |
| 650 | 4 | _aCONDICIONES CULTURALES | |
| 650 | 4 | _aNEGROS | |
| 650 | 4 | _aINMIGRANTES | |
| 650 | 4 | _aESCLAVITUD | |
| 651 | 4 | _aUruguay | |
| 651 | 4 | _aArgentina | |
| 653 | _aCANDOMBE | ||
| 800 | 1 |
_aColombres, Adolfo _edirector |
|
| 942 | _cBK | ||
| 998 | _cMARTIN | ||
| 999 |
_c15309 _d15309 |
||